Từ điển cơ khí Nga - Việt

Saved in:
Bibliographic Details
Format: Book
Language:Undetermined
Published: Hà Nội KHKT 1986
Subjects:
Tags: Add Tag
No Tags, Be the first to tag this record!
Institutions: Trung tâm Học liệu Trường Đại học Cần Thơ
LEADER 00404nam a2200145Ia 4500
001 CTU_15844
008 210402s9999 xx 000 0 und d
082 |a 621.803 
082 |b T550/1986 
245 0 |a Từ điển cơ khí Nga - Việt 
260 |a Hà Nội 
260 |b KHKT 
260 |c 1986 
650 |a machinery - terminology 
980 |a Trung tâm Học liệu Trường Đại học Cần Thơ